Coppa Italia Sieger - Statistiken

Allgemein
  • Dieses Quiz wurde 220 mal gespielt
    93 seit der letzten Aktualisierung
  • Das Durchschnittsergebnis liegt bei 65 aus 77
Antwortstatistiken
Jahr Sieger % Korrekt
1978 Inter Mailand
100%
2005 Inter Mailand
100%
2006 Inter Mailand
100%
1938 Juventus Turin
100%
1942 Juventus Turin
100%
1959 Juventus Turin
100%
1960 Juventus Turin
100%
1965 Juventus Turin
100%
1979 Juventus Turin
100%
1983 Juventus Turin
100%
1990 Juventus Turin
100%
1995 Juventus Turin
100%
2015 Juventus Turin
100%
2016 Juventus Turin
100%
2017 Juventus Turin
100%
2018 Juventus Turin
100%
2021 Juventus Turin
100%
2024 Juventus Turin
100%
1939 Ambrosiana-Inter
99%
1982 Inter Mailand
99%
2010 Inter Mailand
99%
2011 Inter Mailand
99%
2022 Inter Mailand
99%
2023 Inter Mailand
99%
1967 AC Mailand
98%
1972 AC Mailand
98%
1973 AC Mailand
98%
1977 AC Mailand
98%
2003 AC Mailand
98%
1964 AS Rom
98%
1969 AS Rom
98%
1980 AS Rom
98%
1981 AS Rom
98%
1984 AS Rom
98%
1986 AS Rom
98%
1991 AS Rom
98%
2007 AS Rom
98%
2008 AS Rom
98%
1958 Lazio Rom
94%
1998 Lazio Rom
94%
2000 Lazio Rom
94%
2004 Lazio Rom
94%
2009 Lazio Rom
94%
2013 Lazio Rom
94%
2019 Lazio Rom
94%
1976 SSC Neapel
93%
1987 SSC Neapel
93%
2012 SSC Neapel
93%
2014 SSC Neapel
93%
2020 SSC Neapel
93%
1970 FC Bologna
83%
1974 FC Bologna
83%
2025 FC Bologna
83%
1962 AC Neapel
82%
1993 Torino Calcio
76%
1963 Atalanta Bergamo
74%
1940 AC Florenz
72%
1961 AC Florenz
72%
1966 AC Florenz
72%
1975 AC Florenz
72%
1996 AC Florenz
72%
2001 AC Florenz
72%
1937 CFC Genua
66%
1992 AC Parma
63%
1999 AC Parma
63%
2002 AC Parma
63%
1985 Sampdoria Genua
50%
1988 Sampdoria Genua
50%
1989 Sampdoria Genua
50%
1994 Sampdoria Genua
50%
1943 AC Turin
45%
1968 AC Turin
45%
1971 AC Turin
45%
1941 AC Venedig
44%
1936 FBC Turin
41%
1997 Vicenza Calcio
4%
1923 FC Vado
2%
Keine übereinstimmenden Quizze gefunden
Verteilung der Resultate
Anzahl Personen mit jedem Resultat
Perzentil nach korrekt beantworteten Fragen
Ihre Resultats-Entwicklung
Sie haben dieses Quiz seit der letzten Aktualisierung nicht gespielt